<?xml version='1.0' encoding='UTF-8'?>
  <record xmlns="http://www.loc.gov/MARC21/slim">
    <leader>00000nem a2200000 i 4500</leader>
    <controlfield tag="001">ocn980375097</controlfield>
    <controlfield tag="003">OCoLC</controlfield>
    <controlfield tag="005">20250715012233.7</controlfield>
    <controlfield tag="008">110217s1874    ne        a     0   dut d</controlfield>
    <datafield tag="040" ind1=" " ind2=" ">
      <subfield code="a">QGJ</subfield>
      <subfield code="b">dut</subfield>
      <subfield code="c">QGJ</subfield>
    </datafield>
    <datafield tag="035" ind1=" " ind2=" ">
      <subfield code="a">(OCoLC)980375097</subfield>
    </datafield>
    <datafield tag="041" ind1=" " ind2=" ">
      <subfield code="a">dut</subfield>
    </datafield>
    <datafield tag="245" ind1="0" ind2="0">
      <subfield code="a">[Zestien bevolkingsstatistiekkaarten van Nederland, 1829-1864] /</subfield>
      <subfield code="c">Vereeniging voor de Statistiek in Nederland.</subfield>
    </datafield>
    <datafield tag="255" ind1=" " ind2=" ">
      <subfield code="a">Schaal 1:10.000.</subfield>
    </datafield>
    <datafield tag="264" ind1=" " ind2="1">
      <subfield code="a">[Plaats van uitgave niet vastgesteld] :</subfield>
      <subfield code="b">[uitgever niet vastgesteld],</subfield>
      <subfield code="c">[1874]</subfield>
    </datafield>
    <datafield tag="300" ind1=" " ind2=" ">
      <subfield code="a">16 krt. op 8 bl. :</subfield>
      <subfield code="b">lithogr., in kleur ;</subfield>
      <subfield code="c">elk 9 x 9 cm, op blad 28 x 18 cm</subfield>
    </datafield>
    <datafield tag="336" ind1=" " ind2=" ">
      <subfield code="a">cartografische afbeelding</subfield>
      <subfield code="b">cri</subfield>
      <subfield code="2">rdacontent/dut</subfield>
    </datafield>
    <datafield tag="337" ind1=" " ind2=" ">
      <subfield code="a">zonder medium</subfield>
      <subfield code="b">n</subfield>
      <subfield code="2">rdamedia/dut</subfield>
    </datafield>
    <datafield tag="338" ind1=" " ind2=" ">
      <subfield code="a">vel</subfield>
      <subfield code="b">nb</subfield>
      <subfield code="2">rdacarrier/dut</subfield>
    </datafield>
    <datafield tag="500" ind1=" " ind2=" ">
      <subfield code="a">Verschenen in: Algemeene statistiek van Nederland : beschrijving van den maatschappelijken toestand van het Nederlandsche volk in het midden der negentiende eeuw / uitg. door de Vereeniging voor de Statistiek in Nederland. - [Dl. 3:] Statistische kaartjes. - Te Leiden : bij A.W. Sijthoff, 1874.</subfield>
    </datafield>
    <datafield tag="505" ind1="0" ind2=" ">
      <subfield code="a">No. 1. Toeneming der bevolking in gemeenten beneden 10.000 zielen, in percenten; van 1829-1859. No. 2. Toeneming der bevolking in gemeenten boven 10.000 zielen, in percenten; van 1829-1859. No. 3. Toeneming der bevolking in percenten van 1829-1859. No. 4. Aantal jaarlijksche geboorten in verhouding tot de geheele bevolking; 1840-1864. No. 5. Vermeerdering van het zielental op 1000 hectaren van 1829-1859. No. 6. Aantal vrouwen op 1000 mannen, in 1859. No. 7. Meerderjarigen van de geheele mannelijke bevolking in percenten, volkstelling 1859. No. 8. Meerderjarigen van de geheele vrouwelijke bevolking in percenten, volkstelling 1859. No. 9. Aantal personen per huisgezin in 1859. No. 10. Aantal personen per huis (en schip) in 1859. No. 11. Buiten de provincie geboren mannelijke bewoners in percenten van de geheele mannelijke bevolking; in 1859. No. 12. Buiten de provincie geboren vrouwelijke bewoners in percenten van de geheele vrouwelijke bevolking; in 1859. No. 13. Ongehuwde mannen in percenten van de geheele mannelijke bevolking; in 1859. No. 14. Ongehuwde vrouwen in percenten van de geheele vrouwelijke bevolking; in 1859. No. 15. Jaarlijksche vruchtbaarheid der huwelijken van 1849-1859. No. 16. Jaarlijksch aantal landverhuizers in verhouding tot de bevolking; van 1840-1864.</subfield>
    </datafield>
    <datafield tag="562" ind1=" " ind2=" ">
      <subfield code="a">Binding note: I qu 143 (deel 2/[3]).</subfield>
      <subfield code="5">NL-UtRU</subfield>
    </datafield>
    <datafield tag="650" ind1=" " ind2="7">
      <subfield code="a">Bevolkingsstatistiek.</subfield>
      <subfield code="0">(NL-LeOCL)113598777.</subfield>
      <subfield code="2">gtt</subfield>
    </datafield>
    <datafield tag="651" ind1=" " ind2="7">
      <subfield code="a">Nederland.</subfield>
      <subfield code="0">(NL-LeOCL)078600987.</subfield>
      <subfield code="2">gtt</subfield>
    </datafield>
    <datafield tag="655" ind1=" " ind2="7">
      <subfield code="a">Kaarten (vorm)</subfield>
      <subfield code="0">(NL-LeOCL)088143554.</subfield>
      <subfield code="2">gtt</subfield>
    </datafield>
    <datafield tag="710" ind1="2" ind2=" ">
      <subfield code="a">Vereeniging voor de Statistiek in Nederland.</subfield>
    </datafield>
    <datafield tag="856" ind1="4" ind2="1">
      <subfield code="u">http://objects.library.uu.nl/reader/resolver.php?obj=002336911&amp;type=2</subfield>
      <subfield code="x">Online</subfield>
      <subfield code="z">Map</subfield>
    </datafield>
    <datafield tag="936" ind1=" " ind2=" ">
      <subfield code="a">BATCHLOAD</subfield>
    </datafield>
  </record>